000 00269nam a22001217a 4500
008 181016b xxu||||| |||| 00| 0 eng d
041 _aeng
080 _a320
100 _a21
101 _aSHP
245 _aPolitics and Urban Policies
_cHawkins,B.W
942 _2udc
_cBK
999 _c49813
_d49813